[Event "Titled Tue 24th Jun Early"]
[Site "chess.com INT"]
[Date "2025.06.24"]
[Round "10"]
[White "Rushbrooke, Remy"]
[Black "Suarez, Pedro"]
[Result "1-0"]
[BlackTitle "CM"]
[WhiteElo "2090"]
[BlackElo "2066"]
[WhiteFideId "443590"]
[BlackFideId "3007642"]
[EventDate "2025.06.24"]

1. Nf3 Nf6 2. g3 g6 3. Bg2 Bg7 4. d4 O-O 5. c4 d6 6. Nc3 Nbd7 7. O-O e5 8. dxe5
dxe5 9. h3 Qe7 10. Be3 c6 11. Qc2 Nc5 12. b4 Na6 13. a3 Bf5 14. Qb3 Rfd8 15.
Rfd1 Ne4 16. Nxe4 Bxe4 17. Bg5 f6 18. Be3 Bxf3 19. Bxf3 e4 20. Bg2 f5 21. Rac1
Nc7 22. Bc5 Qf7 23. Bd6 Ne6 24. e3 Rd7 25. c5 Rad8 26. Bf1 Kh8 27. Bc4 Re8 28.
b5 Qf6 29. bxc6 bxc6 30. Rb1 Ng5 31. h4 Nf3+ 32. Kg2 Bf8 33. Bxf8 Rxd1 34. Qxd1
Qxf8 35. Rb7 Rd8 36. Qa1+ Nd4 37. exd4 Qf6 38. Rf7 Qxd4 39. Rf8+ Kg7 40. Rg8+
Kf6 41. Qxd4+ Rxd4 42. Be2 Ra4 43. Rf8+ Kg7 44. Rc8 Rxa3 45. Rxc6 Rc3 46. Rc7+
Kf6 47. c6 a5 48. Ba6 a4 49. Bb5 a3 50. Ra7 Rb3 51. c7 Rc3 52. Bd7 a2 53. c8=Q
Rxc8 54. Bxc8 1-0

[Event "Titled Tue 24th Jun Early"]
[Site "chess.com INT"]
[Date "2025.06.24"]
[Round "10"]
[White "Olhovik, Andrei"]
[Black "Blackburn, Jonathan L B"]
[Result "0-1"]
[WhiteTitle "FM"]
[BlackTitle "FM"]
[WhiteElo "2282"]
[BlackElo "2207"]
[WhiteFideId "13507397"]
[BlackFideId "1801090"]
[EventDate "2025.06.24"]

1. d4 Nf6 2. c4 g6 3. Nc3 Bg7 4. e4 d6 5. h3 O-O 6. Bg5 h6 7. Be3 e5 8. d5 a5 9.
Bd3 Na6 10. Nge2 Nc5 11. Bc2 c6 12. O-O cxd5 13. exd5 Nh5 14. Qd2 Qh4 15. a3
Qxc4 16. Bxh6 Nb3 17. Bxb3 Qxb3 18. Bxg7 Kxg7 19. Ne4 Nf6 20. Nxf6 Kxf6 21. Qh6
Bf5 22. f4 Rh8 23. fxe5+ dxe5 24. Rxf5+ Kxf5 25. Rf1+ Ke4 26. Qg7 Qe3+ 27. Rf2
Raf8 28. Qf6 Rh5 29. Nc3+ Kd3 30. Kh2 Rf5 31. Rxf5 gxf5 32. Qxf5+ Kc4 33. Qc2
Qf4+ 34. g3 Qh6 35. Qa4+ Kd3 36. Qd1+ Kc4 37. Qe2+ Kb3 38. Qb5+ Kc2 39. Ne4 Qe3
40. Qc4+ Kxb2 41. h4 Qd4 42. Qe2+ Kxa3 43. d6 f5 44. Qf3+ Kb4 45. Ng5 e4 46. Qf4
Rd8 47. Ne6 Qxd6 48. Nxd8 Qxf4 49. gxf4 e3 50. Kg2 a4 0-1

[Event "Titled Tue 24th Jun Early"]
[Site "chess.com INT"]
[Date "2025.06.24"]
[Round "10"]
[White "Ejsymont, Blanka"]
[Black "Ocampos, Ian"]
[Result "1-0"]
[WhiteTitle "WCM"]
[WhiteElo "1984"]
[BlackElo "2216"]
[WhiteFideId "21088268"]
[BlackFideId "117544"]
[EventDate "2025.06.24"]

1. f4 d6 2. Nf3 e5 3. fxe5 g5 4. d4 g4 5. Bg5 Be7 6. Bxe7 Qxe7 7. exd6 Qxd6 8.
Ne5 f6 9. Nc4 Qb4+ 10. Nbd2 Be6 11. e3 Nd7 12. Bd3 O-O-O 13. a3 Qe7 14. O-O h5
15. Bf5 Nh6 16. Bxe6 Qxe6 17. e4 f5 18. d5 Qg6 19. e5 Nc5 20. b4 Na4 21. d6 Nc3
22. Qe1 cxd6 23. Nxd6+ Rxd6 24. exd6 Qxd6 25. Nb3 Ne4 26. c4 Kb8 27. c5 Qe5 28.
Rd1 g3 29. h3 Ng4 30. Qe2 Ngf2 31. Rde1 h4 32. Nd2 Qd4 33. Nxe4 Nxe4+ 34. Qe3
Qd5 35. Qf4+ Ka8 36. Qxf5 Qd4+ 37. Kh1 Nf2+ 38. Rxf2 gxf2 39. Rf1 Re8 40. Qxf2
Qc3 41. Qf7 Rb8 42. Qf3 Qc4 43. Qf4 Qc3 44. Qxh4 Qxa3 45. Qc4 a6 46. c6 bxc6 47.
Qxc6+ Rb7 48. Rf8+ Ka7 49. Qc5+ Rb6 50. Rf7+ Ka8 51. Qc8+ Rb8 52. Qc6+ 1-0

[Event "Titled Tue 24th Jun Early"]
[Site "chess.com INT"]
[Date "2025.06.24"]
[Round "10"]
[White "Tari, Aryan"]
[Black "Rahman, Masruri"]
[Result "1-0"]
[WhiteTitle "GM"]
[BlackTitle "FM"]
[WhiteElo "2636"]
[BlackElo "2407"]
[WhiteFideId "1510045"]
[BlackFideId "7101163"]
[EventDate "2025.06.24"]

1. a3 Nf6 2. Nf3 d5 3. b4 c6 4. Bb2 Bf5 5. e3 e6 6. Be2 Be7 7. Nh4 Bg6 8. d3 O-O
9. Nd2 a5 10. Nxg6 hxg6 11. Rb1 axb4 12. axb4 Bxb4 13. Kf1 Be7 14. h4 Nbd7 15.
g4 e5 16. g5 Nh7 17. Nf3 Bd6 18. e4 d4 19. Bc1 b5 20. h5 Re8 21. c3 Nhf8 22.
cxd4 Qa5 23. Nh4 Qa4 24. hxg6 fxg6 25. dxe5 Nxe5 26. Qxa4 Rxa4 27. f4 Nf7 28.
Bd1 Rd4 29. Rh3 Rb4 30. Rxb4 Bxb4 31. Bb3 c5 32. Bd5 Rd8 33. Bb2 Rxd5 34. exd5
Nd6 35. Be5 c4 36. dxc4 Nxc4 37. Ke2 Bc5 38. Rb3 b4 39. Kd3 Nb6 40. Bd4 Nbd7 41.
Rb1 Bd6 42. f5 Bg3 43. Nxg6 Nxg6 44. fxg6 Bd6 45. Re1 Kf8 46. Re6 Bc5 47. Rc6
Bxd4 48. Kxd4 b3 49. d6 1-0

[Event "Titled Tue 24th Jun Early"]
[Site "chess.com INT"]
[Date "2025.06.24"]
[Round "10"]
[White "Jake Shanty"]
[Black "Harshit, Ranjan Sahu"]
[Result "0-1"]
[WhiteTitle "FM"]
[BlackTitle "CM"]
[WhiteElo "2252"]
[BlackElo "2191"]
[WhiteFideId "33478066"]
[BlackFideId "25638815"]
[EventDate "2025.06.24"]

1. Nf3 Nf6 2. b3 g6 3. Bb2 Bg7 4. c4 O-O 5. g3 d6 6. Bg2 e5 7. O-O Nc6 8. d3 a6
9. Nc3 Bd7 10. a3 Qc8 11. b4 Bh3 12. e4 Bxg2 13. Kxg2 Ne7 14. Nd2 Nd7 15. Nd5
Qd8 16. f4 Nxd5 17. cxd5 exf4 18. Bxg7 Kxg7 19. gxf4 f5 20. Qc2 Rc8 21. Qc3+ Qf6
22. Rac1 Qxc3 23. Rxc3 Nf6 24. Rfc1 Rf7 25. Rc4 fxe4 26. dxe4 Nh5 27. f5 gxf5
28. exf5 Kf6 29. Re1 Rg8+ 30. Kh1 Rfg7 31. Rh4 Kg5 32. Nf3+ Kxf5 33. Nd4+ Kg5
34. Nf3+ Kf5 35. Nd4+ Kg5 36. Ree4 Rg6 37. Reg4+ Kf6 38. Rxg6+ hxg6 39. Ne6 c6
40. Rd4 cxd5 41. Nc7 Rc8 42. Nxd5+ Ke5 43. Rd2 Rc1+ 44. Kg2 Ra1 45. Ne3 b5 46.
Ng4+ Ke6 47. Nf2 Rxa3 48. Ne4 d5 49. Kf2 dxe4 0-1

[Event "Titled Tue 24th Jun Early"]
[Site "chess.com INT"]
[Date "2025.06.24"]
[Round "10"]
[White "Ivashentseva, Dominika"]
[Black "Karpenko, Anton"]
[Result "0-1"]
[WhiteTitle "WCM"]
[BlackTitle "CM"]
[WhiteElo "1969"]
[BlackElo "2219"]
[WhiteFideId "34331050"]
[BlackFideId "34374353"]
[EventDate "2025.06.24"]

1. d4 Nf6 2. c4 c5 3. d5 e6 4. Nf3 d6 5. Nc3 exd5 6. cxd5 g6 7. g3 Bg7 8. Bg2
O-O 9. O-O Re8 10. Bg5 h6 11. Bxf6 Bxf6 12. Qc2 Bg4 13. e4 Bxf3 14. Bxf3 a6 15.
a4 Nd7 16. Rab1 Rb8 17. Bg2 b5 18. axb5 axb5 19. Qd2 Kg7 20. f4 Bd4+ 21. Kh1 Nf6
22. Qd3 Qb6 23. Ne2 Re7 24. Nxd4 cxd4 25. Rbd1 Rbe8 26. Qxd4 Qxd4 27. Rxd4 Nxe4
28. Bxe4 Rxe4 29. Rfd1 Re1+ 30. Kg2 R8e2+ 31. Kf3 Rxd1 32. Rxd1 Rxb2 33. h4 h5
34. Rc1 Rd2 35. Ke4 f5+ 36. Ke3 Rxd5 37. Rc7+ Kf6 38. Rc8 Rc5 39. Rd8 Rc6 40.
Kd4 Rb6 41. Rf8+ Ke7 42. Rg8 Kf7 43. Ra8 b4 44. Kd5 b3 45. Ra7+ Kf6 46. Ra1 b2
47. Rb1 Ke7 48. Re1+ Kd7 49. Rb1 Rb8 50. Kd4 Kc6 51. Kc4 d5+ 52. Kd4 Kd6 53. Kd3
Kc5 54. Kc3 d4+ 55. Kd3 Kd5 56. Kd2 Ke4 57. Ke2 Rb4 58. Kd2 Kf3 59. Kd3 Kxg3 60.
Kc2 Kxf4 61. Rg1 b1=Q+ 62. Rxb1 d3+ 63. Kc1 d2+ 64. Kc2 Rxb1 65. Kxb1 d1=Q+ 66.
Kb2 Qd3 67. Ka2 Qc3 68. Kb1 Qd2 69. Ka1 g5 70. Kb1 g4 71. Ka1 g3 72. Kb1 g2 73.
Ka1 g1=Q# 0-1

[Event "Titled Tue 24th Jun Early"]
[Site "chess.com INT"]
[Date "2025.06.24"]
[Round "10"]
[White "Romany, Joy"]
[Black "Tiitta, Sauli"]
[Result "1-0"]
[WhiteTitle "WIM"]
[WhiteElo "1960"]
[BlackElo "2157"]
[WhiteFideId "10656820"]
[BlackFideId "502251"]
[EventDate "2025.06.24"]

1. d4 c5 2. d5 h6 3. c4 d6 4. Nc3 g5 5. e4 Bg7 6. g3 Bxc3+ 7. bxc3 Qa5 8. Qc2
Nf6 9. Bg2 g4 10. Ne2 Nbd7 11. Bf4 Ne5 12. Bxe5 dxe5 13. h3 Bd7 14. hxg4 Nxg4
15. Rb1 O-O-O 16. Qb2 b6 17. Nc1 Qa4 18. Qb3 h5 19. Nd3 f6 20. Nxc5 Qxb3 21.
Nxb3 Kc7 22. c5 Ba4 23. cxb6+ axb6 24. Nd2 Bc2 25. Rb2 Bd3 26. Bf1 Bxf1 27. Kxf1
Ra8 28. Ke2 Ra3 29. f3 Nh6 30. Rxh5 Rxc3 31. g4 Nf7 32. Rxh8 Nxh8 33. Rb3 Rc2
34. a3 Ng6 35. Kd3 Rc1 36. Rc3+ Rxc3+ 37. Kxc3 Nf4 38. Kc4 Ne2 39. Kd3 Nc1+ 40.
Kc2 Ne2 41. Kd3 Nd4 42. Ke3 Nb5 43. Nb1 Kd6 44. Kd3 Kc5 45. Ke3 Nd6 46. f4 exf4+
47. Kxf4 Kd4 48. Nd2 Nb5 49. Nf3+ Kd3 50. e5 Nxa3 51. exf6 exf6 52. d6 Nc4 53.
d7 Ne5 54. Nxe5+ fxe5+ 55. Kxe5 b5 56. d8=Q+ Kc3 57. Qc7+ Kb3 58. Kd4 b4 59.
Qc4+ 1-0

[Event "Titled Tue 24th Jun Early"]
[Site "chess.com INT"]
[Date "2025.06.24"]
[Round "10"]
[White "Beniosev, Daniel"]
[Black "Fernandes, Rogerio Paulo Muller"]
[Result "1-0"]
[WhiteTitle "CM"]
[WhiteElo "1959"]
[BlackElo "2241"]
[WhiteFideId "11632674"]
[BlackFideId "2101599"]
[EventDate "2025.06.24"]

1. e4 e6 2. d4 d5 3. Nc3 Bb4 4. Qg4 Kf8 5. e5 c5 6. a3 Bxc3+ 7. bxc3 Qa5 8. Bd2
Qa4 9. Bd3 Ne7 10. h4 Nbc6 11. Nf3 c4 12. Be2 Qxc2 13. Ng5 h6 14. Nh3 Na5 15.
Rc1 Qf5 16. Qxf5 Nxf5 17. Rb1 Nxh4 18. Nf4 Nf5 19. g4 Ne7 20. g5 Nf5 21. g6 b6
22. gxf7 Kxf7 23. Bh5+ Kg8 24. Bg6 Bd7 25. Rg1 Nh4 26. Bh5 g5 27. Ng2 Nxg2+ 28.
Rxg2 Kh7 29. f4 Rhg8 30. fxg5 hxg5 31. Ke2 Nb3 32. Be3 Rg7 33. Rbg1 Be8 34. Bf3
Bg6 35. Rxg5 Bd3+ 36. Ke1 Rxg5 37. Rxg5 Rf8 38. Rh5+ Kg6 39. Rh6+ Kg7 40. Rh3
Kf7 41. Bg4 Bf5 42. Bxf5 exf5 43. Rh7+ Kg6 44. Rxa7 f4 45. Bf2 Kf5 46. Rb7 Ke4
47. e6 Re8 48. e7 Nc1 49. Bh4 Nd3+ 50. Kf1 f3 51. Rd7 Nf4 52. Rd8 Rxe7 53. Bxe7
Ne2 54. Bb4 Kd3 55. Rf8 1-0

[Event "Titled Tue 24th Jun Early"]
[Site "chess.com INT"]
[Date "2025.06.24"]
[Round "10"]
[White "Parfenov, Viktor N."]
[Black "Vinolas Anglada, Laura"]
[Result "1-0"]
[WhiteTitle "CM"]
[BlackTitle "WCM"]
[WhiteElo "2193"]
[BlackElo "2059"]
[WhiteFideId "4165969"]
[BlackFideId "24517925"]
[EventDate "2025.06.24"]

1. e4 e5 2. f4 d5 3. exd5 exf4 4. Nf3 Nf6 5. Bb5+ c6 6. dxc6 Nxc6 7. Nc3 Bd6 8.
Qe2+ Be6 9. Ng5 O-O 10. Nxe6 fxe6 11. b3 e5 12. Bxc6 bxc6 13. Bb2 e4 14. O-O-O
Re8 15. Qc4+ Kh8 16. Rhe1 Be5 17. Nxe4 Bxb2+ 18. Kxb2 Nd5 19. Qxc6 Rc8 20. Qd6
Qa5 21. Ng5 h6 22. Qg6 Nf6 23. Nf7+ Kg8 24. Nxh6+ Kh8 25. Nf7+ Kg8 26. Nd6 Rxe1
27. Rxe1 Qxd2 28. Nxc8 Qxe1 29. Qd3 Qe5+ 30. Qc3 Qe2 31. Qc6 Qe5+ 32. c3 Qe2+
33. Ka3 Qh5 34. Nd6 Qxh2 35. Qc8+ Kh7 36. Qf5+ Kg8 37. Qe6+ Kh7 38. Qe2 f3 39.
Qd3+ Kg8 40. gxf3 Qe5 41. c4 Qa5+ 42. Kb2 Qe5+ 43. Kc2 Qh2+ 44. Kc3 Qe5+ 45. Kb4
a5+ 46. Ka4 Qc5 47. a3 Qb6 48. b4 axb4 49. axb4 Qa6+ 50. Kb3 Qa1 51. b5 Nd7 52.
Qd5+ Kh7 53. Qf5+ Kg8 54. Qe6+ Kh8 55. Qxd7 Qb1+ 56. Kc3 Qc1+ 57. Kd4 Qd2+ 58.
Kc5 Qe3+ 59. Kc6 Qxf3+ 60. Kc7 Qe3 61. b6 Qc5+ 62. Qc6 Qa5 63. Kd7 Qa3 64. b7
Qh3+ 65. Kc7 Qh4 66. b8=Q+ 1-0

[Event "Titled Tue 24th Jun Early"]
[Site "chess.com INT"]
[Date "2025.06.24"]
[Round "10"]
[White "Barseghyan, Armen Ar."]
[Black "Makarian, Rudik"]
[Result "1-0"]
[WhiteTitle "IM"]
[BlackTitle "IM"]
[WhiteElo "2348"]
[BlackElo "2524"]
[WhiteFideId "13306707"]
[BlackFideId "44105681"]
[EventDate "2025.06.24"]

1. Nf3 Nf6 2. d4 c5 3. d5 b5 4. Bg5 g6 5. Bxf6 exf6 6. e4 b4 7. a3 Bg7 8. axb4
cxb4 9. Nbd2 O-O 10. Be2 a5 11. O-O Re8 12. c3 bxc3 13. bxc3 d6 14. Nd4 f5 15.
exf5 Bxd4 16. cxd4 Bxf5 17. Nc4 Qc7 18. Qd2 Nd7 19. Ne3 Nf8 20. Nxf5 gxf5 21.
Bb5 Reb8 22. Bc6 Ra7 23. Qg5+ Ng6 24. Qxf5 Qd8 25. g3 Kg7 26. Ra4 Rb4 27. Rfa1
Rxa4 28. Rxa4 Qf6 29. Qg4 h6 30. h4 Kh7 31. Bb5 Nf8 32. Bd3+ Kh8 33. Kg2 Ra8 34.
Ra3 a4 35. Bc2 Qg7 36. Qf4 Rd8 37. Rxa4 Ng6 38. Bxg6 Qxg6 39. h5 Qg7 40. Ra7 Kg8
41. Re7 Kf8 42. Rc7 Kg8 43. Rb7 Kf8 44. Kh3 Kg8 45. Qg4 Qxg4+ 46. Kxg4 Kg7 47.
Kf5 Rc8 48. Rd7 Rc2 49. f4 Rd2 50. Rxd6 Rxd4 51. g4 Rd1 52. Rd8 Rd3 53. d6 Rd5+
54. Ke4 Rd1 55. d7 Re1+ 56. Kf5 Rd1 57. g5 hxg5 58. h6+ Kh7 59. Kxg5 Rd6 60. Kf5
Rd1 61. Kf6 Rd6+ 62. Kxf7 Rd1 63. f5 Kxh6 64. Rh8+ Kg5 65. d8=Q+ Rxd8 66. Rxd8 1-0

[Event "Titled Tue 24th Jun Early"]
[Site "chess.com INT"]
[Date "2025.06.24"]
[Round "10"]
[White "Matinian, Nikita"]
[Black "De Boer, Eelke"]
[Result "1-0"]
[WhiteTitle "GM"]
[BlackTitle "IM"]
[WhiteElo "2421"]
[BlackElo "2409"]
[WhiteFideId "24129100"]
[BlackFideId "1048120"]
[EventDate "2025.06.24"]

1. e4 d5 2. exd5 Qxd5 3. Nc3 Qa5 4. d4 Nf6 5. Nf3 Bf5 6. Ne5 c6 7. Bf4 e6 8. Nc4
Qd8 9. Ne3 Bg6 10. h4 h5 11. Bd3 Bxd3 12. Qxd3 Nd5 13. Ncxd5 cxd5 14. Bg5 Be7
15. Bxe7 Qxe7 16. O-O-O Nc6 17. Nxd5 Qd6 18. Ne3 O-O-O 19. c3 Qf4 20. Rd2 Kb8
21. g3 Qf3 22. Rhd1 Ne5 23. Qe2 Qxe2 24. Rxe2 Nf3 25. Nc4 g5 26. Ne5 Nxe5 27.
Rxe5 gxh4 28. gxh4 Rdg8 29. Rd3 Rg4 30. Rh3 Kc7 31. Kd2 Kd6 32. Ke2 f5 33. b4 b6
34. a4 Rc8 35. a5 Rc6 36. a6 Rc8 37. Rhe3 Rg6 38. d5 exd5 39. Rxf5 Re6 40. Kd3
Rxe3+ 41. fxe3 Kc6 42. Rxh5 Kb5 43. Rxd5+ Kxa6 44. b5+ Ka5 45. h5 Rh8 46. e4 Ka4
47. c4 Kb4 48. Kd4 Rc8 49. h6 Rxc4+ 50. Ke5 Rc1 51. Kf6 Rh1 52. Kg6 Ka5 53. Rg5
a6 54. bxa6+ Kxa6 55. h7 Rxh7 56. Kxh7 1-0

[Event "Titled Tue 24th Jun Early"]
[Site "chess.com INT"]
[Date "2025.06.24"]
[Round "10"]
[White "Mostertman, Milan"]
[Black "Beyer, Lorenz"]
[Result "1-0"]
[WhiteTitle "FM"]
[BlackTitle "CM"]
[WhiteElo "2231"]
[BlackElo "2226"]
[WhiteFideId "1025848"]
[BlackFideId "16245393"]
[EventDate "2025.06.24"]

1. c4 e6 2. d4 d5 3. cxd5 exd5 4. Nc3 Nf6 5. Bg5 Be7 6. e3 O-O 7. Bd3 c6 8. Nge2
h6 9. Bh4 a5 10. O-O Na6 11. Rc1 Re8 12. Bb1 Bg4 13. Qd3 Nb4 14. Qd2 Bxe2 15.
Qxe2 Ne4 16. Bxe7 Qxe7 17. a3 Na6 18. Nxe4 dxe4 19. Ba2 Nc7 20. f3 exf3 21. Qxf3
Nd5 22. Rce1 Rad8 23. e4 Nf6 24. e5 Nd5 25. Re4 Rf8 26. Rg4 Qe6 27. Bb1 Ne3 28.
Rxg7+ Kxg7 29. Qxe3 Qg4 30. Be4 f5 31. exf6+ Rxf6 32. Rxf6 Kxf6 33. Qxh6+ Ke7
34. Qh7+ Kd6 35. h3 Qd1+ 36. Kh2 Qxd4 37. Bf3 Qe5+ 38. g3 Kc5 39. Qxb7 Rd2+ 40.
Bg2 Qxb2 41. Qxc6+ Kd4 42. h4 Qxa3 43. Qe4+ Kc3 44. Qe3+ Rd3 45. Qe5+ Kd2 46. h5
Re3 47. Qf4 Qd3 48. h6 a4 49. Qb4+ Ke2 50. Qg4+ Kf2 51. Qf4+ Ke2 52. Bf1+ Kd2
53. Bxd3 Kxd3 54. Qxe3+ Kxe3 55. h7 a3 56. h8=Q a2 57. Qa1 Kf2 58. Qxa2+ Ke3 59.
g4 1-0

[Event "Titled Tue 24th Jun Early"]
[Site "chess.com INT"]
[Date "2025.06.24"]
[Round "10"]
[White "Le, Tuan Minh"]
[Black "Kozak, Antoni"]
[Result "1-0"]
[WhiteTitle "GM"]
[WhiteElo "2598"]
[BlackElo "2426"]
[WhiteFideId "12401153"]
[BlackFideId "21832030"]
[EventDate "2025.06.24"]

1. d4 Nf6 2. Nf3 b6 3. Bg5 Bb7 4. Nbd2 g6 5. Bxf6 exf6 6. g3 Bg7 7. Bg2 O-O 8.
O-O d6 9. e3 Nd7 10. c4 f5 11. Qc2 c5 12. Rfd1 Qc7 13. Rac1 a6 14. Nb1 b5 15.
Qe2 b4 16. Nbd2 a5 17. Qd3 a4 18. Ne1 Nf6 19. Bxb7 Qxb7 20. Ng2 h5 21. h3 Rfe8
22. Nf4 h4 23. dxc5 dxc5 24. gxh4 Rad8 25. Qe2 Bh6 26. Qf3 Qxf3 27. Nxf3 Bxf4
28. exf4 Rxd1+ 29. Rxd1 Re4 30. b3 Rxf4 31. Kg2 axb3 32. axb3 Re4 33. Rd8+ Kg7
34. Rc8 Re2 35. Ng5 Ne4 36. Nxe4 fxe4 37. Rxc5 e3 38. Re5 Rxf2+ 39. Kg3 Re2 40.
Rb5 f5 41. Kf3 Re1 42. Rxb4 e2 43. Kf2 Rh1 44. Kxe2 Rxh3 45. c5 Rc3 46. Rb5 Kh6
47. Kd2 Rh3 48. c6 Rh2+ 49. Kd3 Rh3+ 50. Kd4 Rxh4+ 51. Kd5 Rh2 52. Kd6 Rd2+ 53.
Rd5 Rb2 54. c7 Rxb3 55. c8=Q 1-0

[Event "Titled Tue 24th Jun Early"]
[Site "chess.com INT"]
[Date "2025.06.24"]
[Round "10"]
[White "Perez Cruz, Adianet"]
[Black "Miranda Camus, Joaquin Ignacio"]
[Result "0-1"]
[WhiteTitle "WFM"]
[BlackTitle "FM"]
[WhiteElo "1984"]
[BlackElo "2196"]
[WhiteFideId "3510115"]
[BlackFideId "3449300"]
[EventDate "2025.06.24"]

1. d4 d5 2. Nf3 c5 3. c3 Nf6 4. Bg5 e6 5. e3 Qb6 6. Qb3 Ne4 7. Bf4 Nc6 8. Nbd2
Nxd2 9. Nxd2 Bd7 10. Be2 Qxb3 11. axb3 f6 12. dxc5 e5 13. b4 exf4 14. exf4 d4
15. O-O Be7 16. Bc4 O-O-O 17. b5 Nb8 18. cxd4 Bf5 19. Nb3 Bc2 20. Rxa7 Bxb3 21.
Bxb3 Rxd4 22. Be6+ Kc7 23. c6 Kd6 24. f5 bxc6 25. bxc6 Kxc6 26. Rc1+ Kd6 27. g3
Rd8 28. Rcc7 Bf8 29. Rf7 Nc6 30. Ra6 Kc5 31. Rc7 R4d6 32. b4+ Kb5 33. Bc4+ Kxc4
34. Raxc6+ Rxc6 35. Rxc6+ Kxb4 36. Kg2 Kb5 37. Rc7 Kb6 38. Rf7 Kc6 39. h4 Kd5
40. g4 Ke4 41. f3+ Kf4 42. Rb7 Rd2+ 43. Kf1 Bd6 44. Rxg7 Kxf3 45. Ke1 Re2+ 46.
Kd1 Bf4 47. Rxh7 Rd2+ 48. Ke1 Kxg4 49. h5 Rh2 50. Rg7+ Kxf5 51. Rh7 Kg5 52. Rg7+
Kxh5 53. Rh7+ Kg5 54. Rg7+ Kf5 55. Kf1 Ke4 56. Re7+ Kf3 57. Kg1 Re2 58. Rf7 Be3+
59. Kf1 Rf2+ 60. Ke1 Bg5 61. Rf8 Re2+ 62. Kd1 Re5 63. Rh8 f5 64. Rh3+ Kg4 65.
Rh1 f4 66. Rg1+ Kf5 67. Rf1 Kg4 68. Rg1+ Kf3 69. Rh1 Kg2 70. Rh5 f3 71. Rh7 f2
72. Rf7 f1=Q+ 0-1

[Event "Titled Tue 24th Jun Early"]
[Site "chess.com INT"]
[Date "2025.06.24"]
[Round "10"]
[White "Redor, Menandro"]
[Black "Veiga, Jose Francisco R P Neves"]
[Result "1-0"]
[BlackTitle "IM"]
[WhiteElo "2021"]
[BlackElo "2390"]
[WhiteFideId "5222010"]
[BlackFideId "1930087"]
[EventDate "2025.06.24"]

1. d4 Nf6 2. Bf4 d5 3. e3 e6 4. Nf3 c5 5. c3 Nc6 6. Nbd2 cxd4 7. exd4 Nh5 8. Be3
Bd6 9. Bd3 f5 10. Bg5 Qc7 11. Ne5 g6 12. f4 O-O 13. O-O Bd7 14. Ndf3 Nf6 15.
Bxf6 Rxf6 16. Ng5 h6 17. Ngf3 Kg7 18. Nh4 Rg8 19. Qe2 Kh7 20. Rae1 g5 21. fxg5
hxg5 22. Nhf3 g4 23. Nxd7 Qxd7 24. Ne5 Nxe5 25. dxe5 Bc5+ 26. Kh1 Rh6 27. g3 Qf7
28. Rf4 Qh5 29. Ref1 Kh8 30. a4 Rg7 31. b4 Bb6 32. a5 Bc7 33. R1f2 Rgh7 34. h4
gxh3 35. Qxh5 Rxh5 36. Re2 b6 37. axb6 Bxb6 38. g4 Rg5 39. gxf5 Rg1+ 40. Kh2
exf5 41. Rxf5 Kg8 42. Rf3 Rhg7 43. Rxh3 R1g6 44. e6 Rg4 45. e7 Kf7 46. e8=Q+ Kf6
47. Rf2+ Kg5 48. Qe5# 1-0

[Event "Titled Tue 24th Jun Early"]
[Site "chess.com INT"]
[Date "2025.06.24"]
[Round "10"]
[White "Mizzi, Jack"]
[Black "Tekeyev, Zaur"]
[Result "0-1"]
[WhiteTitle "CM"]
[BlackTitle "IM"]
[WhiteElo "2107"]
[BlackElo "2407"]
[WhiteFideId "5602521"]
[BlackFideId "4199731"]
[EventDate "2025.06.24"]

1. d4 Nf6 2. c4 g6 3. Nf3 Bg7 4. g3 d6 5. Bg2 O-O 6. O-O Nbd7 7. Nc3 e5 8. dxe5
dxe5 9. Bg5 h6 10. Bxf6 Qxf6 11. Nd5 Qd8 12. Qc2 c6 13. Nc3 Qe7 14. Rad1 f5 15.
Nh4 Kh7 16. f4 exf4 17. Rxf4 Qe3+ 18. Kh1 Nf6 19. Bh3 Nh5 20. Rf3 Qe8 21. Rdf1
Be6 22. g4 fxg4 23. Rxf8 Bxf8 24. Rxf8 Qxf8 25. Qxg6+ Kh8 26. Qxh5 Qg7 27. Bg2
Qg5 28. Qxg5 hxg5 29. Ng6+ Kg7 30. Ne5 Rd8 31. Kg1 Rd2 32. b3 Rc2 33. Ne4 Rxe2
34. Kf1 Rxa2 35. Nxg5 Bf5 36. Be4 Bxe4 37. Nxe4 Rb2 38. Nxg4 Rxb3 39. Nd6 a5 40.
Nf2 a4 41. Nf5+ Kf8 42. Nd4 Rb1+ 43. Ke2 a3 44. Nc2 a2 45. Kd3 Rc1 46. Ne4 Rxc2
47. Kxc2 a1=Q 48. Nd6 Qh1 49. Nxb7 Qxh2+ 50. Kb3 Qg3+ 51. Ka4 Qc7 52. Na5 Qb6
53. Nb3 c5 54. Ka3 Qb4+ 0-1

[Event "Titled Tue 24th Jun Early"]
[Site "chess.com INT"]
[Date "2025.06.24"]
[Round "10"]
[White "Caruana, Fabiano"]
[Black "Szpar, Milosz"]
[Result "1-0"]
[WhiteTitle "GM"]
[BlackTitle "IM"]
[WhiteElo "2777"]
[BlackElo "2495"]
[WhiteFideId "2020009"]
[BlackFideId "1184989"]
[EventDate "2025.06.24"]

1. d4 Nf6 2. Nc3 d5 3. Bf4 a6 4. e3 h6 5. Bd3 c5 6. dxc5 Nc6 7. Bg3 e5 8. Na4
Bxc5 9. Nxc5 Qa5+ 10. c3 Qxc5 11. Bc2 Be6 12. Nf3 Bg4 13. Qc1 Bxf3 14. gxf3
O-O-O 15. O-O g5 16. b4 Qd6 17. a4 h5 18. b5 h4 19. bxc6 bxc6 20. Bf5+ Kc7 21.
Kg2 hxg3 22. hxg3 Rb8 23. c4 d4 24. c5 Qd5 25. e4 Qd8 26. Qxg5 Nd7 27. Qxd8+
Kxd8 28. Rab1 Kc7 29. Bxd7 Kxd7 30. f4 f6 31. Kf3 a5 32. Kg4 Rb4 33. Kf5 Ke7 34.
Rh1 Rxh1 35. Rxh1 d3 36. fxe5 fxe5 37. Rd1 Rxa4 38. Rxd3 Rc4 39. Kxe5 Rxc5+ 40.
Kd4 Rb5 41. f4 a4 42. e5 Rb4+ 43. Kc5 Rb3 44. Rd4 a3 45. Ra4 Rc3+ 46. Kb6 Rxg3
47. Kxc6 Ke6 48. Kc5 Kf5 49. Kd5 Rd3+ 50. Kc6 Rf3 51. Kd6 Rd3+ 52. Ke7 Rf3 53.
Kf7 Rd3 54. e6 Re3 55. Ra5+ Kxf4 56. e7 1-0

[Event "Titled Tue 24th Jun Early"]
[Site "chess.com INT"]
[Date "2025.06.24"]
[Round "10"]
[White "Nakonechnyi, Oleksii"]
[Black "Ilinca, Felix-Antonio"]
[Result "1/2-1/2"]
[WhiteTitle "CM"]
[BlackTitle "IM"]
[WhiteElo "2222"]
[BlackElo "2431"]
[WhiteFideId "34173714"]
[BlackFideId "54764998"]
[EventDate "2025.06.24"]

1. e4 g6 2. d4 Bg7 3. Nf3 d6 4. Be2 Nf6 5. Nbd2 O-O 6. O-O c5 7. dxc5 dxc5 8. c3
Nc6 9. Qc2 Qc7 10. a4 Rd8 11. Nc4 b6 12. Be3 Bb7 13. Rfd1 Rxd1+ 14. Rxd1 Rd8 15.
Na3 Rxd1+ 16. Bxd1 a6 17. Be2 Ng4 18. Qd2 Nxe3 19. Qxe3 Ne5 20. Nd2 Qd7 21. b3
Ng4 22. Bxg4 Qxg4 23. f3 Qd7 24. Nac4 b5 25. axb5 axb5 26. Na5 b4 27. e5 bxc3
28. Qxc3 Bd5 29. Nac4 Qb7 30. Qd3 e6 31. Ne4 Qe7 32. g3 Qc7 33. f4 Qc6 34. Nf6+
Bxf6 35. exf6 Qc7 36. Qc3 Qd8 37. Ne3 Be4 38. Kf2 h5 39. Nf1 Bb7 40. Qxc5 Qxf6
41. Qe5 Qe7 42. Nd2 Qb4 43. Ke3 Bd5 44. Qd4 Qa3 45. Qc3 Qa7+ 46. Qd4 Qa2 47. b4
Qa3+ 48. Ke2 Qa4 49. Qc5 Bc6 50. Ke3 Bb5 51. Ne4 Bc6 52. Nc3 Qa8 53. b5 Bg2 54.
b6 Qf3+ 55. Kd2 h4 56. Qe3 Qc6 57. gxh4 Qc4 58. Ne2 Qb4+ 59. Qc3 Qxb6 60. Qd4
Qc7 61. Ke3 Qc6 62. Qe5 Qf3+ 63. Kd2 Qf2 64. h5 gxh5 65. Qg5+ Kf8 66. Qd8+ Kg7
67. Qg5+ Kh7 68. Qxh5+ Kg8 69. Qg5+ Kh7 70. Qh5+ Kg7 71. Qg5+ Kf8 72. Qd8+ Kg7
73. Qg5+ Kh8 74. Qh5+ Kg8 75. Qg5+ Kf8 76. Qd8+ Kg7 77. Qg5+ 1/2-1/2